Beijing review Beijing zhou bao.

Beijing review = 北京周报.
Bibliographic Details
Previous Title:Peking review
Format: Electronic Journal
Language:English
Published: Beijing, China : Beijing Review : China International Book Trading Corp. [distributor]
Subjects:
Online Access:Full text available from Research Library: 05/30/2013 to present

MARC

LEADER 00000nas a2200000 a 4500
001 ssj0002526
003 WaSeSS
005 20200512172242.0
006 m d
007 cr n
008 790115c19799999cc wr p s 0 a0eng c
010 |a  79646655  
016 7 |a 2046263 -3  |2 DE-600 
016 7 |a 011094253  |2 Uk 
016 7 |a 2046263 3  |2 DE-600 
016 |a (AMICUS)000000910814 
022 |l 1000-9140  |y 1000-9140 
032 |a 002812  |b USPS 
035 |a (WaSeSS)ssj0002526 
037 |b China Books & Periodicals, 2929 24th St., San Francisco, Calif. 94110 
040 |a XBM  |b eng  |c XBM  |d UCU  |d YUS  |d UCU  |d MUL  |d HUL  |d UCU  |d DLC  |d OCL  |d NST  |d AIP  |d NST  |d AIP  |d HUL  |d NST  |d HUL  |d NST  |d NSD  |d DLC  |d NSD  |d NST  |d NSD  |d DLC  |d SYS  |d WAU  |d OCLCQ  |d DLC  |d LVB  |d CUS  |d BOS  |d OCLCQ  |d IUL  |d UKMGB  |d TULIB  |d CUS  |d OCLCF  |d NBD  |d CDS  |d ZCU  |d MTG  |d UAB  |d NZIPP  |d UZ0  |d MTH  |d LIP  |d PAU  |d WNC  |d CNUTO  |d VGM  |d XFH  |d TFW  |d SFR  |d CSA  |d EZ9  |d NLBFD  |d MKN  |d UCW  |d CTD  |d CTB  |d ICN  |d CSJ  |d IOG  |d TYC  |d RCE  |d DOS  |d ZEM  |d I9W  |d S8B  |d DHA  |d I8H  |d MTC  |d CS1  |d MUX  |d OKS  |d MYIIU  |d BUF  |d CNSLL  |d BUFSP  |d GZN  |d GILDS  |d UX0  |d VMW  |d NZ1  |d NIU  |d HLS  |d CNO  |d HMY  |d OCLCQ  |d NLC  |d CPO  |d WaSeSS 
042 |a pcc  |a nsdp 
043 |a a-cc--- 
050 0 0 |a DS701  |b .P42 
050 1 4 |a JQ1508  |b .B35M 
082 0 4 |a 951/.005 
210 0 |a Beijing rev. 
222 0 |a Beijing review 
245 0 0 |6 880-01  |a Beijing review  |h [electronic resource] =  |b Beijing zhou bao. 
246 3 1 |6 880-02  |a Beijing zhou bao 
260 |a Beijing, China :  |b Beijing Review :  |b China International Book Trading Corp. [distributor] 
310 |a Weekly 
362 1 |a Began in Jan. 5, 1979. 
500 |a Volumes for <2004-> accompanied by a CD-ROM. 
506 |a License restrictions may limit access. 
515 |a Some issues combined. 
546 |a In English. 
588 |a Description based on: Vol 28, no. 2 (Jan. 14, 1985); title from cover. 
588 |a Latest issue consulted: Vol. 47, no. 21 (May 27, 2004). 
648 7 |a Since 1976  |2 fast 
651 0 |a China  |x History  |y 1976-2002  |v Periodicals. 
651 0 |a China  |x History  |y 2002-  |v Periodicals. 
651 6 |a Chine  |x Histoire  |y 1976-2002  |v Périodiques. 
651 7 |a China.  |2 fast  |0 (OCoLC)fst01206073 
651 4 |a China  |x History  |y 1976-  |x Periodicals. 
655 0 |a Electronic journals. 
775 0 |t Beijing review (North American ed.)  |w (DLC) 2003202805  |w (OCoLC)17629663 
780 0 0 |t Peking review  |w (DLC) 61004993  |w (OCoLC)1115877 
850 |a AU  |a CSt-H  |a CU-I  |a CU-Riv  |a CU-S  |a CU-SB  |a CaMWU  |a CaMWUC  |a CaNBSU  |a CaNSH  |a CoFS  |a DGW  |a DLC  |a DNAL  |a FU  |a GAT  |a IC  |a ICU  |a InU  |a KPT  |a KyLoU  |a MH-EA  |a MH-HY  |a MH-Lm  |a MH-SI  |a MMeT  |a MShM  |a MWH  |a MWelC  |a MdU  |a MiD  |a MnSSC  |a MnU  |a MoU  |a MsSM  |a MsU  |a NBC  |a NN  |a NNC  |a NcCU  |a NcD  |a NcWsW  |a NjR  |a OU  |a OrU  |a PPT  |a PPiU  |a RPB  |a ViBlbV  |a ViW  |a WM  |a WU  |a WyU 
853 1 2 |8 1  |a v.  |b no.  |u 52  |v r  |i (year)  |j (month)  |w w 
853 2 0 |8 2  |a v.  |b no.  |u 51  |v r  |i (year)  |j (month)  |k (day)  |w w  |x 0101  |y pdth 
856 4 0 |z Full text available from Research Library: 05/30/2013 to present  |u https://search.proquest.com/publication/2029645 
863 4 0 |8 1  |a <22>-  |i <1979>-  |x provisional 
863 4 1 |8 2.1  |a <59>  |b <27>  |i <2016>  |j <07>  |k <7> 
880 0 0 |6 245-01/$1  |a Beijing review =  |b 北京周报. 
880 3 1 |6 246-02/$1  |a 北京周报